LEADER 00712nam a2200193 i 4500 001 000000106782 003 CaOOAMICUS 005 20070907153356.0 008 070907s1909 it a u000 u lat r 040 $aPUL$bita$dLDB 245 00$aDe revisionis vulgatae ratione et statu praesenti. 260 $aRoma :$bS. Anselmo,$c1909. 300 $a20 p. :$bill. ;$c25cm 630 04$aVulgata.$0(OLS)http://pul/subject/23743 850 $aPUL 852 $aPUL$W1$xDP2 Religione 1$y63$m1(6) D 8$j120826$qStampati$B120009$CPULBib$Z2$F120009 $82 941 1 $a8 996 $6245$aDe revisionis vulgatae ratione et statu praesenti$9(OLS)http://pul/title/134433 996 $6260$aRoma :$bS. Anselmo$9(OLS)http://pul/publisher/79392 LEADER 01214caa a2200241 u 4500 001 000000096104 003 CaOOAMICUS 005 20070226130145.0 008 040719s1980 enk u000 u eng u 020 $a0521222753 035 $a11004780 040 $aIAR$bita 100 1 $aDuggan, Charles.$0(OLS)http://pul/name/30368 245 10$aRalph de Diceto, Henry II and Becket :$b(with an appendix on decretal letters) /$cCharles Duggal and Anne Duggan. 260 $aCambridge :$bCambridge University Press,$c1980. 300 $aS. 59-82, ;$c23 cm 600 14$aRadulfus de Diceto,$dm. 1202.$0(OLS)http://pul/subject/30443 700 1 $aDuggan, Anne J.$0(OLS)http://pul/name/61403 773 0 $aAuthority and power : Studies on medieval law and government presented to Walter Ullmann on his 70th birthday. 773 0 $tAuthority and power : studies on medieval law and government presented to Walter Ullmann on his seventieth birthday$w()16292 996 $6020$a0521222753$9(OLS)http://pul/number/20823 996 $6245$aRalph de Diceto, Henry II and Becket :$b(with an appendix on decretal letters)$9(OLS)http://pul/title/122980 996 $6260$aCambridge :$bCambridge University Press$9(OLS)http://pul/publisher/50125